| 000 | 00632nam a22002177a 4500 | ||
|---|---|---|---|
| 003 | LK-CoDNM | ||
| 005 | 20241025110516.0 | ||
| 008 | 241015b |||||||| |||| 00| 0 eng d | ||
| 040 |
_aLK-CoDNM _dLK-CoDNM _eLK-CoDNM |
||
| 041 | _asin | ||
| 080 |
_aප්ර.ව _b19 |
||
| 245 |
_aවිදුලිය-1907 _b1 කාණ්ඩය 5 කලාපය |
||
| 260 |
_aකොළඹ _c1907 |
||
| 300 | _b18p. ; 25 cm | ||
| 650 | _a විදුලිය-1907 | ||
| 650 | _a1 කාණ්ඩය 5 කලාපය | ||
| 650 | _aමාසික සගරාව | ||
| 650 | _aප්ර.ව 19 | ||
| 650 | _a1907 | ||
| 942 | _cBK | ||
| 999 |
_c222751 _d222751 |
||